| 000 | 00795nam0a22002291 4500 | ||
|---|---|---|---|
| 001 | rc\4051838 | ||
| 005 | 20250610233026.0 | ||
| 035 | _a(NLR Aleph) 007959952 | ||
| 090 |
_a8393153 _c8393153 |
||
| 100 | _a20130415d1954 |||y0rusy50 ca | ||
| 101 | 0 | _arus | |
| 102 | _aRU | ||
| 105 | _aa z ||||| | ||
| 200 | 1 |
_aОпределения коэффициентов сопротивления простейших тел _fЛенингр. кораблестроит. ин-т. Лаборатория гидромеханики |
|
| 210 |
_aЛенинград _cБ. и. _d1954 |
||
| 215 |
_a5 л. _cил. _d21 |
||
| 700 | 1 |
_aЗолотов _bС.С. _gСергей Сергеевич |
|
| 801 | 0 |
_aRU _bNLR _gpsbo |
|
| 801 | 1 |
_aRU _bELAR _2rusmarc |
|
| 852 |
_aNLR _jМх02 Г-4/194 |
||
| 942 | _cBOOK | ||
| 980 | _aNB | ||